书目信息 |
| 题名: |
室内污染检测与控制
|
|
| 作者: | 周中平等 著 | |
| 分册: | ||
| 出版信息: | 北京 化学工业出版社 2002 |
|
| 页数: | 391 | |
| 开本: | 20cm | |
| 丛书名: | ||
| 单 册: | ||
| 中图分类: | X506 | |
| 科图分类: | ||
| 主题词: | 环境污染 , 环境污染--污染防治 | |
| 电子资源: | ||
| ISBN: | 7-5025-3775-9 | |
| 000 | 00583nam0 2200193 450 | |
| 001 | 0754114953 | |
| 005 | 20070929150154.95 | |
| 010 | @a7-5025-3775-9@dCNY30.00 | |
| 100 | @a20070929d km y0chiy0120 ea | |
| 101 | 0 | @achi |
| 200 | 1 | @a室内污染检测与控制@Ashi nei wu ran jian ce yu kong zhi@f周中平等 著@Fzhou zhong ping deng zhu |
| 210 | @a北京@c化学工业出版社@d2002 | |
| 215 | @a391@c插图@d20cm | |
| 606 | 0 | @a环境污染 |
| 606 | 0 | @a环境污染@x污染防治 |
| 690 | @aX506@v3 | |
| 701 | 0 | @a周中平等@Azhou zhong ping deng@4著 |
| 801 | 0 | @aCN@bPFT@c20070929 |
| 905 | @a213230@dX506@eh39@f1 | |
| 室内污染检测与控制/周中平等 著.-北京:化学工业出版社,2002 |
| 391:插图;20cm |
| ISBN 7-5025-3775-9:CNY30.00 |
| ● |
| 相关链接 |
|
|
|
|
正题名:室内污染检测与控制
索取号:X506/h39
 
预约/预借
| 序号 | 登录号 | 条形码 | 馆藏地/架位号 | 状态 | 备注 |
| 1 | 6001615 | 260016155 | 密集书库-化学系/ [索取号:X506/h39] | 在馆 |